Miesiące po francusku - Statystyki

Ogólne statystyki
  • Ten quiz został rozwiązany 184 razy
  • Średni wynik to 10 z 12
Statystyki odpowiedzi
Les Mois % Poprawnych
Mai
93%
Novembre
91%
Octobre
90%
Décembre
89%
Janvier
89%
Septembre
89%
Avril
88%
Mars
83%
Février
82%
Août
76%
Juin
63%
Juillet
60%
Nie znaleziono quizów pasujących do podanych kryteriów
Rozkład punktacji
Procent ludzi z każdym wynikiem
Percentyl według liczby udzielonych odpowiedzi
Twoja historia wyników
Nie rozwiązałeś tego quizu